000 00995nam0a2200301 4500
001 RU\NLR\bibl\400575
005 20250622163830.0
010 _a5-272-00200-8
_95000
035 _a(NLR Aleph) 000394750
090 _a537909
_c537909
100 _a20030520d2002 |||y0rusy50 ca
101 0 _arus
102 _aRU
105 _aa |||||||||
200 1 _aИзучаем Basic
_fГ. Гутман
210 _aСПб. и др.
_cПитер
_d2002
215 _a307,[1] с.
_cил.
_d20
225 1 _aКомпАс - компьютерный ас
_eШк. клуб
320 _aБиблиогр. в конце кн. (9 назв.) и в подстроч. прим.
606 0 _aBASIC, язык программирования
_91173732
_3RU\NLR\auth\66153742
686 _aЗ973.2-018.5
700 1 _aГутман
_bГ.
_gГеннадий
_4070
801 0 _aRU
_bNLR
_c20030520
_gPSBO
801 1 _aRU
_bNLR
_c20030520
830 _aавт. по кн.
942 _cBOOK
980 _aNB